Ultimate WWE Move Match - Statistics

General Stats
  • This quiz has been taken 249 times
  • The average score is 47 of 70
Answer Stats
Move WWE Superstar % Correct
Spear (Popular Vote) Edge
93%
Attitude Adjustment John Cena
88%
RKO Randy Orton
88%
Sweet Chin Music Shawn Michaels
88%
Rock Bottom The Rock
87%
Tombstone Piledriver (Popular Vote) The Undertaker
87%
Chokeslam (Popular Vote) Kane
86%
Spear (Recent Comeback) Roman Reigns
86%
619 Rey Mysterio
85%
Stone Cold Stunner "Stone Cold" Steve Austin
85%
F-5 Brock Lesnar
84%
Zig Zag Dolph Ziggler
84%
Powerbomb (First Use) John "Bradshaw" Layfield
84%
Clothesline From Hell John "Bradshaw" Layfield
84%
Pedigree (Popular Vote) Triple H
83%
Sister Abigail Bray Wyatt
82%
Sharpshooter (Popular Vote) Bret Hart
80%
Codebreaker Chris Jericho
80%
Trouble In Paradise Kofi Kingston
80%
Curb Stomp Seth Rollins
80%
Running Leg Drop (Popular Vote) Hulk Hogan
78%
Mandible Claw Mick Foley
78%
Brogue Kick Sheamus
78%
Knock-Out Punch (Popular Vote) The Big Show
78%
Big Ending Big E
76%
Dirty Deeds Dean Ambrose
76%
Diamond Cutter Diamond Dallas Page
76%
Swanton Bomb (Popular Vote) Jeff Hardy
76%
Pop-Up Powerbomb Kevin Owens
76%
Skull-Crushing Finale The Miz
76%
Clash Of The Titus Titus O'Neil
75%
Coup De Grace Finn Balor
70%
Cobra Santino Marella
70%
Helluva Kick Sami Zayn
69%
Rough Ryder Zack Ryder
69%
Bella Buster Brie Bella
67%
Killswitch Christian
67%
Scissor Kick (Popular Vote) Booker T
66%
Rack Attack Nikki Bella
66%
Bonzai Drop Yokozuna
66%
The End of Days Baron Corbin
64%
Neutralizer Cesaro
64%
Running Knee Daniel Bryan
64%
Gore (Popular Vote) Rhyno
64%
X-Factor X-Pac
63%
Black Widow AJ Lee
62%
Cross Arm Breaker Alberto Del Rio
62%
The "Superfly" Splash (Popular Vote) Jimmy "Superfly" Snuka
62%
Red Arrow Adrian Neville
61%
Salida Del Sol Kalisto
61%
Shellshocked Ryback
61%
Top Rope Elbow (Popular Vote) "Macho Man" Randy Savage
60%
The Acolade Rusev
59%
Five Star Frog Splash (Popular Vote) Eddie Guerrero
56%
DDT Jake "The Snake" Roberts
54%
Bull Hammer Bad News Barrett
53%
Discus Clothesline (Popular Vote) Luke Harper
53%
Rear View Naomi
52%
Famouser Billy Gunn
47%
Beauty Shot Tyler Breeze
47%
Gutwrench Powerbomb Jack Swagger
45%
450 Splash Justin Gabriel
45%
The Muscle-Buster Samoa Joe
45%
Standing Piledriver (Popular Vote) Owen Hart
36%
Swanton Bomb (Recent Comeback) Sin Cara
36%
Scissor Kick (Recent Comeback) R-Truth
32%
Diving Leg Drop Fandango
29%
Double Knee Gutbuster Darren Young
26%
Shake, Rattle, and Roll Road Dogg
26%
The Yokosuka Cutter (Popular Vote) Braun Strowman
18%
No matching quizzes found
Score Distribution
Percent of People with Each Score
Percentile by Number Answered
Your Score History
You have not taken this quiz